Qui sont ces personnalités ? (Moyen) - Statistiques

Statistiques générales
  • Ce quiz a été pris 29 fois
  • Le résultat moyen est 5 sur 16
Statistiques - réponses
Par images Réponse % Correct
Marquis de La Fayette
68%
Robert Badinter
64%
Gabrielle "Coco" Chanel
61%
Elisabeth d'Autriche | Sissi
54%
Alan Turing
50%
Louis XI
29%
Otto von Bismarck
29%
Jacques Cartier
25%
Michel Debré
21%
Nikita Khrouchtchev
21%
Charles-Maurice de Talleyrand
18%
Olympe de Gouges
18%
Guillaume le Conquérant
14%
Franz-Ferdinand d'Autriche
11%
Charles le Téméraire
7%
Rosa Luxembourg
7%
Aucun quiz correspondant
Distribution des résultats
% des personnes avec chaque résultat
Percentile par nombre de réponses
Votre historique - résultats
Vous n’avez pas pris ce quiz